000 00347 a2200157 4500
001 152879
040 _cEscola São Tomás de Aquino
100 _aMUNIZ, Flávia
240 1 0 _aO jogo do pega-pega
_lpor
245 1 0 _aO jogo do pega-pega
300 _a28
362 0 _a2012
440 1 _aFTD
697 _a*LITERATURA INFANTIL
942 _cBK
999 _c152879
_d152879